|
|
|
|
| LEADER |
01180ppm a22002538a 4500 |
| 001 |
00045121 |
| 005 |
20191029161002.0 |
| 008 |
170228s2013 ||||||Viesd |
| 041 |
0 |
# |
|a Vie
|
| 082 |
1 |
4 |
|a 541
|b N116L
|
| 100 |
1 |
# |
|a Hoàng, Đắc Hạnh
|
| 245 |
0 |
0 |
|a Năng lượng các trạng thái spin của Cluster FeGe3-/0 và phổ quang electron của Cluster Anion
|b Luận văn thạc sĩ Hóa học. Chuyên ngành: Hóa lý thuyết và Hóa lý. Mã số: 8 44 01 19
|c Hoàng Đắc Hạnh; Trần Văn Tân (hướng dẫn)
|
| 260 |
# |
# |
|a Đồng Tháp
|b Đại học Đồng Tháp
|c 2019
|
| 300 |
# |
# |
|a 61 tr. + phụ lục
|c 30 cm.
|e 1 bản tóm tắt + 1 CD
|
| 500 |
# |
# |
|a ĐTTS ghi: Bộ giáo dục và đào tạo. Trường Đại học Đồng Tháp
|
| 653 |
# |
# |
|a Cluster Anion
|
| 653 |
# |
# |
|a Trạng thái
|
| 653 |
# |
# |
|a Phổ quang
|
| 653 |
# |
# |
|a Luận văn
|
| 653 |
# |
# |
|a Năng lượng
|
| 700 |
1 |
# |
|a Trần, Văn Tân
|e Hướng dẫn
|
| 852 |
# |
# |
|j LV.0002484
|j LV.0002487
|
| 910 |
# |
# |
|d 29/10/2019
|
| 980 |
# |
# |
|a Trung tâm Học liệu Lê Vũ Hùng, Trường Đại học Đồng Tháp
|